| 000 | 00503nam a2200217Ia 4500 | ||
|---|---|---|---|
| 003 | OST | ||
| 005 | 20240606080814.0 | ||
| 008 | 150730s9999 xx 000 0 und d | ||
| 020 | _a9780273711186 | ||
| 040 | _cMRUC | ||
| 050 | _aHD31.H316 2008 C.1 | ||
| 100 | _aHannagan, T.J. | ||
| 245 | _aManagement: Concepts and Practices | ||
| 250 | _a8th | ||
| 264 | _aHarlow | ||
| 264 | _bPearson | ||
| 264 | _c2008 | ||
| 650 | _aManagement. | ||
| 942 |
_2lcc _cBK |
||
| 999 |
_c275 _d275 |
||